• 首页
  • 本馆介绍
  • 公告通知
  • 最新文献
  • 馆藏检索
  • 电子资源
  • 读者导购
  • 参考咨询
  • 我的图书馆
  • 登录
  • 详细信息显示
  • 放入我的书架
  • 预约/预借图书
  • 作者相关作品
  • 分类相关作品
  • 丛书相关作品
  • 出版社相关作品

书目信息

  • 表格格式
  • 工作单格式
  • 卡片格式
题名:
系统论
    
 
作者: 霍绍周 编著
分册:  
出版信息: 北京   科学技术文献出版社  1988.10
页数: 148页
开本: 19cm
丛书名: 学科学丛书
单 册:
中图分类: N94
科图分类:
主题词: 系统理论
电子资源:
ISBN: 7-5023-0609-9
000 00705nam2 2200265 45
001 0189014520
005 20040629170707.1
010    @a7-5023-0609-9@dCNY1.65
020    @aCN@b89014520
100    @a19910304d1988 m y0chiy0120 ea
101 0  @achi
102    @aCN@b110000
105    @ay z 000yy
106    @ar
200 10 @a系统论@Axi tong lun@f霍绍周编著@Fhuo shao zhou bian zhu
210    @a北京@c科学技术文献出版社@d1988.10
215    @a148页@d19cm
225 2  @a学科学丛书
410  0 @120010@a学科学丛书
540 1  @a系统论@Axi tong lun
606    @a系统理论
690    @aN94@v1980
701  0 @a霍绍周@Ahuo shao zhou@4编著
801  0 @aCN@bNLC@c19910304
905    @dN94@e17@b216393@f1
    
    系统论/霍绍周编著.-北京:科学技术文献出版社,1988.10
    148页;19cm.-(学科学丛书)
    
    
    ISBN 7-5023-0609-9:CNY1.65
    
●
相关链接 在E读中查询图书 在五车中查询图书 在当当中查询图书 在豆瓣中查询图书


正题名:系统论     索取号:N94/17         预约/预借

序号 登录号 条形码 馆藏地/架位号 状态 备注
1 0216393   001933901   第三借阅区/ [索取号:N94/17] 在馆    
2 0216394   001234916   第三借阅区/ [索取号:N94/17] 在馆    
3 0216395   001234890   第二样本阅览室/ [索取号:N94/17] 在馆    
唐山师范学院图书馆 欢迎您!
大连网信软件有限公司© 版权所有